Rozpoznaj markę samochodu po opisie. - Statystyki

Ogólne statystyki
  • Ten quiz został rozwiązany 636 razy
  • Średni wynik to 6 z 10
Statystyki odpowiedzi
Opis: Odpowiedź: % Poprawnych
Popularny włoski samochód, który był produkowany w Polsce.(od 6 czerwca 1973 do 22 września 2000 roku) Fiat
92%
Marka rozpoznawana przez czarnego rumaka w logu. Ferrari
90%
Niemiecki samochód, który ma charakterystyczną maskownice. (Produkowany w Bawarii) BMW
89%
Włoska marka samochodów, która zaczęła się od traktorów. Lamborghini
86%
Niemieckiej marki samochód, który stał się memem w Polsce. Volkswagen
81%
Polski samochód produkcji FSO. Polonez
72%
Brytyjska marka samochodów terenowych zapoczątkowana przez firmę Rover. Land Rover
70%
Włoski super samochód, który powstał z firmy Diatto. Maserati
27%
Pierwsza seryjnie produkowana marka z silnikami V6. Lancia
13%
Amerykańska marka, która walczyła z marką Chevrolet. (Zalicza się do Pony Car'ów) Ford Mustang
9%
Nie znaleziono quizów pasujących do podanych kryteriów
Rozkład punktacji
Procent ludzi z każdym wynikiem
Percentyl według liczby udzielonych odpowiedzi
Twoja historia wyników
Nie rozwiązałeś tego quizu